Statistics for Fastest Cars in the World

Click here to take the quiz!

General Stats

  • This quiz has been taken 1,915 times
  • The average score is 6 of 16

Answer Stats

HintAnswer% Correct
267mphBugatti Veyron
95%
217mphFerrari Enzo
74%
220mphLamborghini Aventador
74%
240mphMcLaren F1
63%
260mphKoenigsegg Agera R
56%
245mphKoenigsegg CCX
47%
217mphPagani Zonda Cinque Roadster
45%
257mphPorsche 9ff GT9-R
44%
260mphHennessey Venom GT
37%
220mphAston Martin One-77
31%
248mphSaleen S7 Twin-Turbo
16%
225mphGumpert Apollo
12%
257mphShelby (SSC) Ultimate Aero
11%
225mphNoble M600
10%
233mphZenvo ST1
10%
220mphAscari A10
6%

Score Distribution

Percentile by Number Answered

Percent of People with Each Score

Your Score History

You have not taken this quiz